| 000 | 004960000a22002050004500 | ||
|---|---|---|---|
| 003 | LK-CoMWRAF | ||
| 005 | 20231230102849.0 | ||
| 008 | 230817t ||||| |||| 00| 0 eng d | ||
| 020 | _a0582534895 | ||
| 040 |
_aLK-CoMWRAF _dLK-CoMWRAF _eLK-CoMWRAF |
||
| 041 | _aeng | ||
| 082 |
_a823 _bWES |
||
| 100 | _aWest, Michael | ||
| 110 | _aHart, E. P. | ||
| 245 | _aLittle women | ||
| 260 |
_aLondon : _bLongman group limited, _c1997 |
||
| 300 | _a131p | ||
| 650 | _aEnglish Fiction | ||
| 942 | _cBK | ||
| 999 |
_c1945 _d1945 |
||